<?xml version="1.0" encoding="UTF-8"?>
<collection xmlns="http://www.loc.gov/MARC21/slim">
  <record>
    <leader>00000nam  2200000   4500</leader>
    <controlfield tag="001">INLIS000000000019359</controlfield>
    <controlfield tag="005">20250218101106</controlfield>
    <datafield tag="035" ind1="#" ind2="#">
      <subfield code="a">0010-0225000316</subfield>
    </datafield>
    <controlfield tag="007">ta</controlfield>
    <controlfield tag="008">250218################g##########0#ind##</controlfield>
    <datafield tag="082" ind1="#" ind2="#">
      <subfield code="a">R 352.145 980 72</subfield>
    </datafield>
    <datafield tag="084" ind1="#" ind2="#">
      <subfield code="a">R 352.145 980 72 DWI k</subfield>
    </datafield>
    <datafield tag="100" ind1=" " ind2="#">
      <subfield code="a">Dwipayana, Ari</subfield>
    </datafield>
    <datafield tag="245" ind1="1" ind2="#">
      <subfield code="a">Kajian Desentralisasi Asimetris dan Otonomi Khusus di Indonesia :</subfield>
      <subfield code="b">Studi Kasus Provinsi Bali dan Provinsi Kepulauan Riau /</subfield>
      <subfield code="c">Ari Dwipayana</subfield>
    </datafield>
    <datafield tag="260" ind1="#" ind2="#">
      <subfield code="a">Jakarta :</subfield>
      <subfield code="b">Dewan Perwakilan Daerah,</subfield>
      <subfield code="c">2013</subfield>
    </datafield>
    <datafield tag="300" ind1="#" ind2="#">
      <subfield code="a">iv, 154 halaman :</subfield>
      <subfield code="b">ilus ;</subfield>
      <subfield code="c">21 cm</subfield>
    </datafield>
    <datafield tag="500" ind1="#" ind2="#">
      <subfield code="a">Untuk menelaah otonomi asimetris secara lebih komprehensif, maka DPD RI melakukan kajian dalam upaya mencari rumusan tentang eksistensi dan implementasi otonomi khusus dan otonomi asimetris di Indonesia, apa yang menjadi landasan konstitusional dan teoritis mengatur otonomi asimetris di Indonesia dan bagaimana model otonomi asimetris yang sesuai dengan karakteristik dan tuntutan masyarakat serta sistem ketatanegaraan Indonesia khususnya untuk Provinsi Bali dan Provinsi Kepulauan Riau.</subfield>
    </datafield>
    <datafield tag="650" ind1="#" ind2="4">
      <subfield code="a">Otonomi Daerah</subfield>
    </datafield>
    <datafield tag="990" ind1="#" ind2="#">
      <subfield code="a">160818588</subfield>
    </datafield>
  </record>
</collection>
